00747nam a22002177i 4500003000900000005001700009008004100026040004300067041000800110082002600118100003100144245006600175264004600241300002300287336002200310337002400332338003300356546002000389650006300409856005700472EG-GICUC20260121101554.0251231s1955 uk ||||fr|||| 001 0 eng d aEG-GiCUCcEG-GiCUCdEG-GiCUCerdabeng aeng04221a341.71041bFR . B1 aFranks, Oliver S.eAuthor.10aBritain And The Tide Of World Affairs /cBY Oliver S. Franks. 1aLondon :bOxford University Press,c1955. a71 pages ;c24 cm. 2rda contentatext 2rda mediaaComputer 2rda carrieraOnline Resource aText in English14aInternational politicsxPublic international lawzBritain 40uhttps://fll.law.cu.edu.eg/fulltext/bks/B11-06581.pdf